Introductory Chapter, What is Chemical Sensor?

Un sensor qum̕ico es un analizador que responde a un analito particular en una forma selectiva y reversible. Transforma la cantidad qum̕ica de entrada, que va desde la concentracin̤ de un componente de muestra especf̕ico hasta un anl̀isis total de composicin̤, en una seąl elčtrica analt̕icamente....

Descrizione completa

Salvato in:
Dettagli Bibliografici
Altri autori: Wen Wang, InTech
Natura: Libro
Lingua:inglese
Soggetti:
Accesso online:Introductory Chapter, What is Chemical Sensor?
Tags: Aggiungi Tag
Nessun Tag, puoi essere il primo ad aggiungerne!!

MARC

LEADER 00000nam a22000004a 4500
001 vpro14509
005 20201223000000.0
008 190303s2019 ck # g## #001 0#eng#d
020 |a 9789535125334 (versin̤ impresa); 9789535125327 (versin̤ electrn̤ica) 
022
040 |a CO-BoINGC 
041 0 |a eng 
245 1 0 |a Introductory Chapter, What is Chemical Sensor? 
246 |a Capt̕ulo introductorio: <U+00BF>qu ̌es un sensor qum̕ico? 
264 |a Bogot ̀(Colombia) :  |b Revista VirtualPRO,  |c 2019 
520 3 |a Un sensor qum̕ico es un analizador que responde a un analito particular en una forma selectiva y reversible. Transforma la cantidad qum̕ica de entrada, que va desde la concentracin̤ de un componente de muestra especf̕ico hasta un anl̀isis total de composicin̤, en una seąl elčtrica analt̕icamente. Los sensores qum̕icos son un campo emergente que ren͠e disciplinas tales como qum̕ica, biologa̕, electricidad, p̤tica, mecǹica, termologa̕, entre otros. 
650 \ \ |a Qum̕ica 
650 \ \ |a Chemistry 
650 \ \ |a Qum̕ica 
650 \ \ |a Quimiosensor 
650 \ \ |a Sensor qum̕ico 
650 \ \ |a Sensor de gases 
650 \ \ |a Chemistry 
650 \ \ |a Chemosensor 
650 \ \ |a Chemical sensor 
650 \ \ |a Gas sensor  
700 \ \ |a Wen Wang  
700 \ \ |a InTech 
856 |z Introductory Chapter, What is Chemical Sensor?  |u https://virtualpro.unach.elogim.com/biblioteca/capitulo-introductorio-que-es-un-sensor-quimico-